000 00836cam a2200229 4500
001 2186568
005 19880425000000.0
008 720327s1972 nyu 001 0 eng
010 _a 72001801
020 _a0471925748
_a047192573X (pbk)
040 _aDLC
_cDLC
_dDLC
050 0 0 _aBF721
_b.W45 1972
100 1 _aWeiner, Irving B.,
_ecomp.
245 1 0 _aReadings in child development.
_c[Compiled by] Irving B. Weiner [and] David Elkind.
260 _aNew York,
_bWiley
_c[1972]
300 _aix, 505 p.
_c23 cm.
650 0 _aChild psychology.
700 1 _aElkind, David,
_d1931-
_ejoint comp.
906 _a7
_bcbc
_corignew
_d1
_eocip
_f19
_gy-gencatlg
942 _2lcc
_cBK
999 _c11344
_d11344